Прогнозирование оптимального химического состава сталей с заданными коррозионно-механическими свойствами; Нефтяное хозяйство; № 3

Detaylı Bibliyografya
Parent link:Нефтяное хозяйство: научно-технический производственный журнал.— , 1925-1940, 1946-.— 0028-2448
№ 3.— 2003.— С. 86
Yazar: Логинов В. Т.
Diğer Yazarlar: Чурилов Л. Д., Степанов В. П.
Dil:Rusça
Baskı/Yayın Bilgisi: 2003
Seri Bilgileri:Нефтепромысловое оборудование
Konular:
Materyal Türü: MixedMaterials Kitap Bölümü
KOHA link:https://koha.lib.tpu.ru/cgi-bin/koha/opac-detail.pl?biblionumber=385581

MARC

LEADER 00000naa2a2200000 4500
001 385581
005 20231101063359.0
035 |a (RuTPU)RU\TPU\prd\13488 
090 |a 385581 
100 |a 20030508a2003 k y0rusy50 ca 
101 0 |a rus 
102 |a RU 
200 1 |a Прогнозирование оптимального химического состава сталей с заданными коррозионно-механическими свойствами  |f В. Т. Логинов, Л. Д. Чурилов, В. П. Степанов 
225 1 |a Нефтепромысловое оборудование 
461 1 |0 (RuTPU)RU\TPU\prd\1638  |x 0028-2448  |t Нефтяное хозяйство  |o научно-технический производственный журнал  |d 1925-1940, 1946- 
463 1 |0 (RuTPU)RU\TPU\prd\13359  |t № 3  |v С. 86  |d 2003 
610 1 |a прогнозирование 
610 1 |a химический состав 
610 1 |a стали 
610 1 |a коррозийно-механические свойства 
610 1 |a нефтепромысловое оборудование 
675 |a 622.692.4-034.14  |v 3 
700 1 |a Логинов  |b В. Т. 
701 1 |a Чурилов  |b Л. Д. 
701 1 |a Степанов  |b В. П. 
801 1 |a RU  |b 63413507  |c 20030508  |g PSBO 
801 2 |a RU  |b 63413507  |c 20131025  |g RCR 
942 |c BK